Who's That With Elmo? Quiz Stats

 Plays Quiz Updated Jan 21, 2016

Challenge
Share
Tweet
Score 0/20 Timer 05:00
4 Plays Today
% Correct
Michelle Obama
99%
Jimmy Fallon
90.8%
Adam Sandler
90%
Tina Fey
89%
Jack Black
86.7%
Ray Charles
82.3%
Usher
78.2%
Zac Efron
73.8%
Ice Cube
70.8%
Queen Latifah
70.6%
% Correct
Laura Bush
68.4%
Ricky Gervais
67.8%
Alicia Keys
66.1%
Tony Bennett
63.8%
Randy Jackson
61%
Jessica Alba
60.4%
Al Roker
60.1%
Jonah Hill
57%
Ken Jeong
37.9%
Maya Rudolph
31.8%

You're not logged in!

Compare scores with friends on all Sporcle quizzes.
OR
Log In

You Might Also Like...

Show Comments

Extras

Top Quizzes Today


Score Distribution

Your Account Isn't Verified!

In order to create a playlist on Sporcle, you need to verify the email address you used during registration. Go to your Sporcle Settings to finish the process.

Report this User

Report this user for behavior that violates our Community Guidelines.

Details: